[Event "PAR-ch"]
[Site "Asuncion"]
[Date "2010.06.19"]
[Round "4"]
[White "Rivarola, Paul"]
[Black "Bustos, Sebastian"]
[Result "1/2-1/2"]
[WhiteElo "1652"]
[BlackElo "1805"]
[PlyCount "67"]
[EventDate "2010.06.12"]
[EventType "swiss"]
[EventRounds "9"]
[EventCountry "PAR"]
[SourceTitle "CBM 137 Extra"]
[Source "ChessBase"]
[SourceDate "2010.09.01"]
[SourceVersion "1"]
[SourceVersionDate "2010.09.01"]
[SourceQuality "1"]

1. Nf3 Nf6 2. g3 g6 3. Bg2 Bg7 4. 0-0 0-0 5. d4 d6 6. c4 Nbd7 7. Nc3 Nb6 8. b3 Bd7 9. Bb2 Qc8 10. c5 Nbd5 11. Nxd5 Nxd5 12. e4 Nb4 13. a3 Nc6 14. Qc2 Bh3 15. d5 Bxg2 16. Kxg2 Nd8 17. Bxg7 Kxg7 18. cxd6 cxd6 19. Rac1 Qxc2 20. Rxc2 f5 21. e5 dxe5 22. Nxe5 Nf7 23. Re1 Rac8 24. Rxc8 Rxc8 25. Nd7 Re8 26. f4 Nd6 27. Rc1 Rc8 28. Rxc8 Nxc8 29. Kf2 Kf7 30. Ke3 Nd6 31. a4 e6 32. Kd4 Ne4 33. dxe6+ Kxe6 34. Nc5+ 1/2-1/2

[Event "PAR-ch"]
[Site "Asuncion"]
[Date "2010.06.13"]
[Round "3"]
[White "Bustos, Sebastian"]
[Black "Villalba, Marcelo"]
[Result "0-1"]
[WhiteElo "1805"]
[BlackElo "2086"]
[PlyCount "64"]
[EventDate "2010.06.12"]
[EventType "swiss"]
[EventRounds "9"]
[EventCountry "PAR"]
[SourceTitle "CBM 137 Extra"]
[Source "ChessBase"]
[SourceDate "2010.09.01"]
[SourceVersion "1"]
[SourceVersionDate "2010.09.01"]
[SourceQuality "1"]

1. d4 Nf6 2. c4 c5 3. d5 d6 4. Nc3 e5 5. e4 Be7 6. h3 0-0 7. Bd3 Ne8 8. Qc2 g6 9. Bh6 Ng7 10. g4 Bg5 11. Bxg5 Qxg5 12. Nge2 Na6 13. Nb5 Nb4 14. Qd2 Nxd3+ 15. Qxd3 Qe7 16. Ng3 a6 17. Nc3 f5 18. gxf5 gxf5 19. exf5 Nxf5 20. Nxf5 Bxf5 21. Rg1+ Kh8 22. Qe3 Bg6 23. Ne4 Rf4 24. Rxg6 hxg6 25. Ke2 Raf8 26. Rf1 b5 27. Rg1 Qh4 28. Rg4 Rxg4 29. hxg4 Qxg4+ 30. Kd2 Rf4 31. Nxd6 Rd4+ 32. Kc3 b4+ 0-1

[Event "PAR-ch"]
[Site "Asuncion"]
[Date "2010.06.12"]
[Round "2"]
[White "Benitez Irazusta, Eduardo A"]
[Black "Bustos, Sebastian"]
[Result "0-1"]
[WhiteElo "1595"]
[BlackElo "1805"]
[PlyCount "94"]
[EventDate "2010.06.12"]
[EventType "swiss"]
[EventRounds "9"]
[EventCountry "PAR"]
[SourceTitle "CBM 137 Extra"]
[Source "ChessBase"]
[SourceDate "2010.09.01"]
[SourceVersion "1"]
[SourceVersionDate "2010.09.01"]
[SourceQuality "1"]

1. Nf3 b6 2. c4 Nf6 3. d4 e6 4. Nc3 Bb4 5. Bd2 0-0 6. g3 Ba6 7. b3 c5 8. Bg2 d5 9. cxd5 Bxc3 10. Bxc3 Nxd5 11. Bb2 Nd7 12. 0-0 Rc8 13. Re1 cxd4 14. Qxd4 N5f6 15. e3 Nc5 16. Qh4 Nd3 17. Red1 Rc2 18. Ba3 Re8 19. Ne5 Rxf2 20. Nxd3 Rxg2+ 21. Kxg2 Bxd3 22. Qd4 Qa8+ 23. Kg1 Be2 24. Rd2 Qf3 25. Qf4 Qh5 26. Bb2 e5 27. Qf2 Bf3 28. Rc2 Ne4 29. Qe1 Ng5 30. h4 Be4 31. Rf2 Nf3+ 32. Rxf3 Qxf3 33. Qd2 Qxg3+ 34. Kf1 Qf3+ 35. Qf2 Bd3+ 36. Kg1 Qxf2+ 37. Kxf2 f6 38. Rc1 Re7 39. h5 Kf7 40. Ba3 Rd7 41. Rc8 g6 42. Rf8+ Ke6 43. Re8+ Kf5 44. h6 Bb1 45. Rg8 Bxa2 46. Rg7 Rxg7 47. hxg7 Bxb3 0-1

[Event "Asuncion Preclasificatorio Mayor"]
[Site "Asuncion"]
[Date "2010.05.04"]
[Round "8"]
[White "Bustos, Sebastian"]
[Black "Vera Irala, Carlos Marcelo"]
[Result "1-0"]
[WhiteElo "1805"]
[BlackElo "1886"]
[PlyCount "53"]
[EventDate "2010.04.05"]
[EventType "swiss"]
[EventRounds "9"]
[EventCountry "PAR"]
[SourceTitle "EXT 2023"]
[Source "ChessBase"]
[SourceDate "2022.10.05"]
[SourceVersion "1"]
[SourceVersionDate "2022.10.05"]
[SourceQuality "1"]

1. d4 c5 2. d5 e6 3. c4 exd5 4. cxd5 Nf6 5. Nc3 d6 6. e4 a6 7. a4 b6 8. h3 g6 9. Nf3 Bg7 10. Bf4 0-0 11. Bd3 Bb7 12. 0-0 Re8 13. Re1 Qc7 14. e5 dxe5 15. Bxe5 Qd7 16. Bc4 Rd8 17. Qb3 b5 18. axb5 axb5 19. Bxb5 Qf5 20. Rxa8 Bxa8 21. Bc7 Rc8 22. Re5 Rxc7 23. Rxf5 gxf5 24. d6 Ra7 25. Bc4 Nc6 26. Nd5 Ne4 27. Ne7+ 1-0

[Event "Asuncion Preclasificatorio Mayor"]
[Site "Asuncion"]
[Date "2010.04.14"]
[Round "2"]
[White "Bustos, Sebastian"]
[Black "Benitez, Jose Rodolfo"]
[Result "0-1"]
[WhiteElo "1805"]
[BlackElo "1830"]
[PlyCount "99"]
[EventDate "2010.04.05"]
[EventType "swiss"]
[EventRounds "9"]
[EventCountry "PAR"]
[SourceTitle "EXT 2023"]
[Source "ChessBase"]
[SourceDate "2022.10.05"]
[SourceVersion "1"]
[SourceVersionDate "2022.10.05"]
[SourceQuality "1"]

1. d4 Nf6 2. c4 g6 3. Nc3 Bg7 4. e4 d6 5. f3 c6 6. Be3 Qc7 7. Qd2 e5 8. d5 h6 9. Bd3 Na6 10. Nge2 Nb4 11. 0-0 Nxd3 12. Qxd3 c5 13. h3 0-0 14. f4 exf4 15. Nb5 Qe7 16. Bxf4 Ne8 17. Rae1 a6 18. Nbc3 Nc7 19. Qg3 Ne8 20. Kh1 g5 21. Bd2 Qe5 22. Qe3 f5 23. exf5 Bxf5 24. Ng3 Qxe3 25. Rxe3 Bg6 26. Re7 Rxf1+ 27. Nxf1 Rb8 28. Ng3 Be5 29. Nge4 Kf8 30. Re6 Kf7 31. Kg1 Rd8 32. Bxg5 hxg5 33. Nxg5+ Kg7 34. g4 Bd4+ 35. Kg2 Bf6 36. Nce4 Rd7 37. Nxf6 Nxf6 38. Kg3 b5 39. cxb5 axb5 40. h4 Nxd5 41. h5 Bb1 42. h6+ Kf8 43. Kh4 c4 44. Nf3 b4 45. a4 bxa3 46. bxa3 c3 47. Nd4 c2 48. Re1 Nf4 49. Rf1 Rf7 50. Ne6+ 0-1